|
|
|
|
| LEADER |
00000nam0a2200000 4500 |
| 001 |
151478 |
| 005 |
20231101221549.0 |
| 010 |
|
|
|a 9785947749915
|
| 035 |
|
|
|a (RuTPU)RU\TPU\book\164244
|
| 090 |
|
|
|a 151478
|
| 100 |
|
|
|a 20090123d2009 m y0rusy50 ca
|
| 101 |
0 |
|
|a rus
|
| 102 |
|
|
|a RU
|
| 105 |
|
|
|a a j 001zy
|
| 200 |
1 |
|
|a Основы разработки Web-приложений на ASP.NET
|e учебное пособие
|f Д. Н. Столбовский
|
| 210 |
|
|
|a Москва
|c Интернет-Университет информационных технологий
|c БИНОМ. Лаборатория знаний
|d 2009
|
| 215 |
|
|
|a 304 с.
|c ил.
|
| 225 |
1 |
|
|a Основы информационных технологий
|
| 320 |
|
|
|a Библиогр.: с. 303.
|
| 330 |
|
|
|a Основной акцент в курсе делается на знакомство с принципами разработки интернет-приложений с использованием технологии ASR.NET. Рассматривается круг вопросов, необходимых начинающему разработчику интернет-приложений на базе данной технологии.
|
| 606 |
1 |
|
|a Веб-страницы
|x Разработка
|2 stltpush
|3 (RuTPU)RU\TPU\subj\53314
|9 71629
|
| 610 |
1 |
|
|a компьютерные сети
|
| 610 |
1 |
|
|a Web-приложения
|
| 610 |
1 |
|
|a структура
|
| 610 |
1 |
|
|a ASP.NET
|
| 610 |
1 |
|
|a Visual Studio. NET 2005
|
| 610 |
1 |
|
|a C#
|
| 610 |
1 |
|
|a Master Page
|
| 610 |
1 |
|
|a языки программирования
|
| 610 |
1 |
|
|a пользовательский интерфейс
|
| 610 |
1 |
|
|a построение
|
| 610 |
1 |
|
|a навигация
|
| 610 |
1 |
|
|a каширование
|
| 610 |
1 |
|
|a базы данных
|
| 610 |
1 |
|
|a учебные пособия
|
| 675 |
|
|
|a 681.324(075.8)
|v 3
|
| 700 |
|
1 |
|a Столбовский
|b Д. Н.
|g Дмитрий Николаевич
|
| 801 |
|
1 |
|a RU
|b 63413507
|c 20090123
|g PSBO
|
| 801 |
|
2 |
|a RU
|b 63413507
|c 20100513
|g PSBO
|
| 900 |
|
|
|a Интернет-технологии
|
| 900 |
|
|
|a Разработка и стандартизация программных средств и информационных технологий
|
| 900 |
|
|
|a Программное обеспечение Интернет-серверов
|
| 942 |
|
|
|c BK
|
| 959 |
|
|
|a 4/20090113
|d 1
|e 220,00
|f ЧЗТЛ:1
|